000
00298nam a22001337a 4500
020
_a
0-521-08033-9
082
_a
823
_b
CHA/M
100
_a
CHAUCER
245
_a
THE MILLER'S PROLOGUE AND TALE
260
_a
LONDON
_b
CAMBRIDGE
_c
1995
300
_a
99
650
_a
NOVEL
_z
UNITED KINGDOM
942
_c
BK
999
_c
2996
_d
2996